الصراع على القمة : (رقم التسجيلة. 52572)
[ عرض عادي ]
| 000 -LEADER | |
|---|---|
| fixed length control field | 00765nam a22002057a 4500 |
| 005 - DATE AND TIME OF LATEST TRANSACTION | |
| control field | 20251108170934.0 |
| 008 - FIXED-LENGTH DATA ELEMENTS--GENERAL INFORMATION | |
| fixed length control field | 250721s1995 xx 000 0 ara d |
| 082 14 - DEWEY DECIMAL CLASSIFICATION NUMBER | |
| Classification number | 338.9173052/ثار |
| 100 1# - MAIN ENTRY--PERSONAL NAME | |
| Personal name | ثارو، لستر |
| 245 10 - TITLE STATEMENT | |
| Title | الصراع على القمة : |
| Remainder of title | مستقبل المنافسة بين أمريكا و اليابان / |
| 264 1# - PRODUCTION, PUBLICATION, DISTRIBUTION, MANUFACTURE, AND COPYRIGHT NOTICE | |
| Place of production, publication, distribution, manufacture | الكويت : |
| Name of producer, publisher, distributor, manufacturer | المجلس الوطني للثقافة و الفنون و الآداب، |
| Date of production, publication, distribution, manufacture, or copyright notice | 1995. |
| 300 ## - PHYSICAL DESCRIPTION | |
| Extent | 381ص. |
| 490 0# - SERIES STATEMENT | |
| Series statement | عالم المعرفة ؛204 |
| 650 17 - SUBJECT ADDED ENTRY--TOPICAL TERM | |
| Topical term or geographic name as entry element | العلاقات الإقتصادية الدولية |
| 650 17 - SUBJECT ADDED ENTRY--TOPICAL TERM | |
| Topical term or geographic name as entry element | الولايات المتحدة |
| 650 17 - SUBJECT ADDED ENTRY--TOPICAL TERM | |
| Topical term or geographic name as entry element | اليابان |
| 700 1# - ADDED ENTRY--PERSONAL NAME | |
| Personal name | بلبع، أحمد فؤاد |
| Relator term | ترجمة |
| 942 ## - ADDED ENTRY ELEMENTS (KOHA) | |
| Source of classification or shelving scheme | Dewey Decimal Classification |
| Koha item type | كتب |
| حالة السحب | حالة الفقدان | مصدر التصنيف | حالة التلف | غير قابل للإعارة | المكتبة الرئيسية | المكتبة الحالية | موقع الرف | تاريخ التزويد | الرقم المتسلسل | Total Checkouts | رقم الإستدعاء | تاريخ آخر ظهور | تاريخ الفاتورة | نوع المادة (كوها) | الباركود |
|---|---|---|---|---|---|---|---|---|---|---|---|---|---|---|---|
| Dewey Decimal Classification | Unchecked | مكتبة أم قصير والمقابلين العامة | مكتبة أم قصير والمقابلين العامة | الإعارة | 06/07/2004 | 4932 | 338.9173052/ثار | 28/07/2025 | 06/07/2004 | كتب | |||||
| Dewey Decimal Classification | Unchecked | مكتبة الأميرة ايمان العامة | مكتبة الأميرة ايمان العامة | الإعارة | 06/07/2004 | 6998 | 338.9173052/ثار | 28/07/2025 | 06/07/2004 | كتب | |||||
| Dewey Decimal Classification | Unchecked | مكتبة الاميرة بديعة | مكتبة الاميرة بديعة | الإعارة | 06/07/2004 | 515 | 338.9173052/ثار | 28/07/2025 | 06/07/2004 | كتب | |||||
| Dewey Decimal Classification | Unchecked | مكتبة الجويدة | مكتبة الجويدة | الإعارة | 06/07/2004 | 5175 | 338.9173052/ثار | 28/07/2025 | 06/07/2004 | كتب | |||||
| Dewey Decimal Classification | مكتبة الحسن العامة | مكتبة الحسن العامة | الإعارة | 08/09/2018 | 09477 | 338.9173052/ثار | 28/07/2025 | 08/09/2018 | كتب | PLD00430193 | |||||
| Dewey Decimal Classification | مكتبة النصر العامة | مكتبة النصر العامة | الإعارة | 04/01/2015 | 7754. | 338.9173052/ثار | 28/07/2025 | 04/01/2015 | كتب | PLD00313405 | |||||
| Dewey Decimal Classification | Unchecked | مكتبة حمزة العامة | مكتبة حمزة العامة | الإعارة | 06/07/2004 | 525 | 338.9173052/ثار | 28/07/2025 | 06/07/2004 | كتب | |||||
| Dewey Decimal Classification | Unchecked | مكتبة صويلح العامة | مكتبة صويلح العامة | الإعارة | 06/07/2004 | 10642 | 338.9173052/ثار | 28/07/2025 | 06/07/2004 | كتب | |||||
| Dewey Decimal Classification | مكتبة وادي السير العامة | مكتبة وادي السير العامة | الإعارة | 27/06/1980 | [5971].... | 338.9173052/ثار | 28/07/2025 | 27/06/1980 | كتب | PLD00371821 |